| 000 | 01598ngm a22004450a 4500 | ||
|---|---|---|---|
| 001 | PT47684 | ||
| 003 | AR-LpoUNG | ||
| 005 | 20210202000020.0 | ||
| 007 | vd cvaizq | ||
| 008 | 191001ss.f.||||ag |||||||||||||||||spa d | ||
| 037 | _c$2,50 | ||
| 040 |
_aAR-LpoUNG _bspa _cAR-LpoUNG _eaacr |
||
| 041 | _aspa | ||
| 044 | _aag | ||
| 082 | 0 | _a982.064 512alb | |
| 100 | 1 |
_aChaves, Gonzalo _edir. |
|
| 245 | 1 | 0 |
_aAlbores del golpe : _btriple A, doctrina represiva de las Fuerzas Armadas |
| 260 |
_aBuenos Aires : _bMiradas al sur, _cs.f.. |
||
| 300 | _aDVD (ca. 30 min.) : son., col. | ||
| 520 | _a¿Dónde termina el accionar paralelo de la Triple A y cuándo comienzan a operar integradas abiertamente a las Fuerzas Armadas? ¿Cómo nacieron los escuadrones de la muerte y quién los dirigía? Muchas preguntas para escasas respuestas. Con el auspicio de la organización de derechos humanos Memoria Fértil, se dio inició a una investigación sobre la Triple A. Algunos adelantos fueron difundidos en el CD Albores del golpe. | ||
| 650 | 4 | _aANALISIS HISTORICO | |
| 650 | 4 | _aARGENTINA | |
| 650 | 4 | _aDERECHOS HUMANOS | |
| 650 | 4 | _aDICTADURA | |
| 650 | 4 | _aGOBIERNO MILITAR | |
| 650 | 4 | _aHISTORIA POLITICA | |
| 650 | 4 | _aHISTORIA SOCIAL | |
| 651 | 4 | _aArgentina | |
| 653 | _aCENTROS CLANDESTINOS DE DETENCION | ||
| 653 | _aCINE ARGENTINO | ||
| 653 | _aDESAPARECIDOS | ||
| 653 | _aDOCUMENTALES | ||
| 653 | _aDVD | ||
| 653 | _aMEMORIA COLECTIVA | ||
| 653 | _aTERRORISMO DE ESTADO | ||
| 653 | _aVIDEOS | ||
| 700 | 1 |
_aCagni, Camilo _edir. |
|
| 905 | _a47684 | ||
| 942 | _cDVD | ||
| 999 |
_c53963 _d53963 |
||